Statystyki dla KSHMR - Wszystkie piosenki

Kliknij tutaj aby rozwiązać quiz!

Ogólne statystyki

  • Ten quiz został rozwiązany 4 razy
  • Średni wynik to 14 z 85

Statystyki odpowiedzi

Tytuł piosenki% Poprawnych
Secrets
100%
Alone
67%
Bombay Dreams
67%
Karate
67%
No Heroes
67%
No Regrets
67%
Power
67%
The Spook
67%
Around The World
33%
Baazar
33%
Burn
33%
Carry Me Home
33%
Dead Mans Hand
33%
Delhi
33%
Dharma
33%
Harder
33%
Harmonica Andromeda
33%
I Will Be A Lion
33%
Kashmir
33%
Kolkata
33%
Megalodon
33%
Memories
33%
Opa
33%
Over and Out
33%
Reunion
33%
Sleepwalk
33%
Slow
33%
Strong
33%
The People
33%
The Spook Returns
33%
The World We Left Behind
33%
Tupinamba
33%
Back To Me
0%
Blood In The Water
0%
Bruk It Down
0%
Come To Life
0%
Dadima
0%
Deeper
0%
Devil Inside Me
0%
Dhoom
0%
Divination
0%
Do Bad Well
0%
Dusty Fairytale
0%
Echo
0%
Extreme
0%
Festival Of Lights
0%
Good Vibes Soldier
0%
Gypsy Waltz
0%
Heaven
0%
House Of Cards
0%
Hymn of Reflection
0%
Imaginate
0%
Invisible Children
0%
Island
0%
Jammu
0%
JAMMU
0%
Jungle Whistle
0%
Kids
0%
Lazer Love
0%
Let Me Go
0%
Lies
0%
Lucky Chances
0%
Magic
0%
Mandala
0%
Midnight Lion Walk
0%
My Best Life
0%
Mystical Beginning
0%
Neverland
0%
One More Round
0%
Paradesi Intro
0%
Paula
0%
Ready To Love
0%
Scare Me
0%
SHIVA
0%
Song Of War
0%
The Little Voice
0%
The Prayer
0%
The Serpent
0%
Toca
0%
Touch
0%
Underwater
0%
Voices
0%
Wildcard
0%
Winners Anthem
0%
You Don't Need To Ask
0%

Rozkład punktacji

Percentyl według liczby udzielonych odpowiedzi

Procent ludzi z każdym wynikiem

Twoja historia wyników

Nie rozwiązałeś tego quizu